000 00418nam a2200181Ia 4500
008 170705s9999 xx 000 0 und d
020 _a9780516251745
245 _aSpending and saving /
245 _cMary Hill.
260 _aNew York :
260 _bScholastic,
260 _c2005
300 _a24 pages :
300 _bcolor illustration ;
300 _c19cm.
440 _aWelcome books.
500 _a250
999 _c335434
_d335434